| 000 | 00949nam a2200229 a 4500 | ||
|---|---|---|---|
| 001 | BRCA_7134 | ||
| 005 | 20190320205726.0 | ||
| 008 | 110112s19581959u--a######---#000-0#eng-# | ||
| 041 | _aeng | ||
| 044 | _au | ||
| 050 | 4 |
_aN6550 _b.M52 1958 |
|
| 245 | 1 | 0 |
_aMexican art pre-columbian to modern times _b[exhibition held at] University of Michigan, Ann Arbor, State University of Iowa, Iowa City, Joslyn Art Museum, Omaha, Nebraska, Indiana University, Bloomington, The Columbus Gallery of Fine Arts, Columbus, Ohio, Syracuse University, Syracuse, New York, Dallas Museum of Fine Arts, Dallas, Texas, 1958-1959. |
| 260 |
_a[Ann Arbor] _bUniversity of Michigan _c1958 |
||
| 300 |
_a55 p. _bil. _c28 cm. |
||
| 500 | _aSon 2 ejemplares idénticos con el mismo numero de inventario | ||
| 500 | _aO152 | ||
| 650 | 1 | 4 |
_aArte _zMéxico _917721 |
| 650 | 1 | 4 |
_aArte mexicano _92321 |
| 710 | 2 |
_aUniversity of Michigan _917722 |
|
| 902 | _aGFM | ||
| 942 |
_2lcc _cB |
||
| 999 |
_c6815 _d6815 |
||